00886nam a2200181 i 4500001000700000003000900007005001700016008004100033110010700074245017200181260005100353300002100404610007300425650004600498852002100544999001900565952012000584185938ES-MaACL20230906222541.0160826s1933 sp |||| | cat d2 aUniversidad Autónoma de Barcelona. bFacultad de Derecho y Ciencias Económicas y Sociales.916058610aOrganització. Regim d' estudis. Programa de cursos per l'any año 1933-34 / cUniversitat Autonoma de Barcelona, Facultat de Dret i Ciencies Economiques i Sociales. aBarcelona : b[s.n.], c1933 (fImp. Mallorca) a77 p. ; c21 cm.2 aUniversidad Autónoma de Barcelona-vProgramas de estudios.9160589 aEnseñanza superior-zBarcelona.9160587 aES-MaACLjA-1838 c185938d185938 00104070aATENEOMbATENEOMcSPP1d2016-08-26eSCl0oA-1838p1196022r2023-02-23 00:00:00w2023-02-23yMONOGRAFIA